| 000 | 003430000a22001450004500 | ||
|---|---|---|---|
| 003 | MACL | ||
| 040 | _aMACL | ||
| 090 |
_c42246 _d42244 |
||
| 100 | _aKadian, Rajesh | ||
| 245 | _aConcise Encyclopedia of United States South Asia Relations | ||
| 260 |
_bVision Books _c2009 |
||
| 350 | _a595 | ||
| 650 | _aEncyclopaedia | ||
| 942 |
_cBOOK _k030/KAD |
||
| 999 |
_c41798 _d41798 |
||